| 000 | 01072nam a22002537a 4500 | ||
|---|---|---|---|
| 005 | 20100610100954.0 | ||
| 008 | 100610t xxu||||| |||| 00| 0 hin d | ||
| 010 | _aHIN-89526 | ||
| 020 |
_a9789380363233 _c60.00 |
||
| 035 | _aHN-61872 | ||
| 037 | _bDBAD / PUB | ||
| 040 |
_aDPL _bHN |
||
| 082 | _a821 | ||
| 100 |
_aसिंह, तारा _917760 |
||
| 245 |
_aतिमिरांचलाः _cतारा सिंह _b(कविता-संग्रह) / |
||
| 246 |
_aTimiranchala/ _bby Tara Singh |
||
| 260 |
_aदिल्ली _bमीनाक्षी प्रकाशन _c2010 |
||
| 270 |
_aएम.बी 32/बी, गली नं-2, शकरपुर _bदिल्ली _e110092 |
||
| 300 |
_a80पृ _c22सेमी (सजिल्द) |
||
| 650 |
_aहिन्दी कविता _9697 |
||
| 650 |
_aHindi poetry _9698 |
||
| 942 |
_2ddc _cHN _mसिंहता _h821 |
||
| 999 |
_c36656 _d36656 |
||